Drama of the atom (Record no. 15666)

000 -LEADER
fixed length control field 00427nam a22001817a 4500
001 - CONTROL NUMBER
control field 15666
003 - CONTROL NUMBER IDENTIFIER
control field BD-DhUET
008 - FIXED-LENGTH DATA ELEMENTS--GENERAL INFORMATION
fixed length control field 150314b xxu||||| |||| 00| 0 eng d
040 ## - CATALOGING SOURCE
Transcribing agency 0
Modifying agency BD-DhUET
082 ## - DEWEY DECIMAL CLASSIFICATION NUMBER
Classification number 539.14
Item number BRA/1958
100 ## - MAIN ENTRY--PERSONAL NAME
Personal name Braunbek, Wesner
245 ## - TITLE STATEMENT
Title Drama of the atom
250 ## - EDITION STATEMENT
Edition statement 1st ed.
260 ## - PUBLICATION, DISTRIBUTION, ETC. (IMPRINT)
Place of publication, distribution, etc. London
Name of publisher, distributor, etc. Oliver and Boyn
Date of publication, distribution, etc. 1958
300 ## - PHYSICAL DESCRIPTION
Extent viii, 242 p.
650 #0 - SUBJECT ADDED ENTRY--TOPICAL TERM
Topical term or geographic name as entry element Atom: physics
942 ## - ADDED ENTRY ELEMENTS (KOHA)
Koha item type General Book
Holdings
Koha full call number Koha item type Sublocation or collection (holding branch) Koha normalized classification for sorting Koha date last seen Withdrawn status Source of classification or shelving scheme Lost status Copy number Piece designation (barcode) Not for loan Date acquired Price effective from Damaged status Shelving location Location (home branch)
539.14/BRA/1958General BookCentral Library, BUET539_140000000000000_BRA_19582015-03-14   18362 2015-03-142015-03-14 Circulation sectionCentral Library, BUET